Carregant...

Bear Land

Dades bibliogràfiques
Autor principal: Maclean,Alistair
Format: Printed Book
Idioma:Undetermined
Publicat: New Delhi HarperCollins Publishers 2004
Matèries:
LEADER 00517nam a2200157Ia 4500
008 140316s9999 xx 000 0 und d
020 |a 8172235984 
082 |a 823  |b MAC/BE 
100 |a Maclean,Alistair 
245 |a Bear Land 
260 |a New Delhi  |b HarperCollins Publishers  |c 2004 
300 |a 287 
650 |a English Novel 
942 |2 ddc  |c BK 
999 |c 7013  |d 7013 
952 |0 0  |1 0  |2 ddc  |4 0  |6 823_000000000000000_MACBE  |7 0  |9 8154  |a KAUCLV  |b KAUCLV  |c GENERAL  |d 2014-03-18  |l 1  |o 823 MAC/BE  |p 214928  |r 2015-05-12  |s 2015-05-05  |w 2014-03-18  |y BK